000 00905nam a22002297a 4500
008 090204t xxu||||| |||| 00| 0 eng d
010 _aENG-92818
020 _c100.00
035 _aEN-76351
037 _bDBAD / PUB
040 _adpl
_bEnglish
082 _a370.954
100 _aVasanthakumar, G.K.
245 _aPrinciple of educations in India /
_cby G.K. Vasanthakumar
260 _aChennai
_bSidhartha Publications
_c2007
270 _aNat West Vijay Apartments, Kavery Block III, Floor, Flat-K-3B, 48, Velacherry, Tambaram Main Road,
_bChennai
_e600100
300 _a192p.
_c28cm (pbk)
500 _aIncludes references
650 _aEducation
_zIndia.
942 _2ddc
_cEN
_mVAS
_h370.954
999 _c22958
_d22958